000 00517nam a2200193Ia 4500
001 12786
003 IN-NITTTR
005 20251114233120.0
008 251113s9999||||xx |||||||||||||| ||eng||
040 _beng
040 _cIN-NITTTR
041 _aeng
082 _a658.403 B893I
100 _aBurch, John G.
245 0 _aInformation systems :
_b theory and practice. /
_cBurch, John G., Strater, Felix R., Grudnitski, Gary
700 _a Grudnitski, Gary
700 _a Strater, Felix R.
942 _2ddc
_cBK
999 _c15422
_d15422